Abbreviations master quiz (get all of them correct, you are a master!! - Statistics

General Stats
  • This quiz has been taken 29 times
  • The average score is 6 of 15
Answer Stats
Abbreviation Long form % Correct
UK United Kingdom
100%
AI Artificial Intelligence
82%
ASAP As Soon as possible
71%
LOL Laugh Out Loud
68%
VR Virtual Reality
68%
IDK I Don't Know
64%
BFF Best Friends Forever
54%
DR Doctor
36%
AR Augmented Reality
25%
PNG Papua New Guinea
18%
ST Street
14%
BBC British Broadcasting Corporation
11%
PM Post Merediem
4%
TFG The Former Guy
4%
TFG (the YouTuber) The Frustrated Gamer
4%
No matching quizzes found
Score Distribution
Percent of People with Each Score
Percentile by Number Answered
Your Score History
You have not taken this quiz